| 000 | 00000nam 2200000zi 4500 |
| 001 | 9.893280 |
| 003 | CaOODSP |
| 005 | 20230427135025 |
| 006 | m o d f |
| 007 | cr bn||||||||| |
| 008 | 201105e19950406onc o f000 0 eng d |
| 040 | |aCaOODSP|beng|erda|cCaOODSP |
| 043 | |an-cn--- |
| 086 | 1 |aIu44-251/1995E-PDF |
| 245 | 00|aCanada's transportation electronics products & capabilities. |
| 264 | 1|a[Ottawa] : |bIndustry Canada, |cApril 6, 1995. |
| 300 | |a1 online resource (1 volume (various pagings)) |
| 336 | |atext|btxt|2rdacontent |
| 337 | |acomputer|bc|2rdamedia |
| 500 | |aDigitized edition from print [produced by Innovation, Science and Economic Development Canada]. |
| 650 | 0|aElectronics in transportation. |
| 650 | 6|aÉlectronique dans le transport. |
| 710 | 1 |aCanada. |bIndustry Canada, |eissuing body. |
| 856 | 40|qPDF|s11.38 MB|uhttps://publications.gc.ca/collections/collection_2023/isde-ised/Iu44-251-1995-eng.pdf |